[Event "DSOL 05 Liga Gr-C 1st"]
[Site "Playchess.com INT"]
[Date "2020.08.14"]
[Round "2.3"]
[White "Heiduk, Christopher"]
[Black "Humbert, Arthur"]
[Result "0-1"]
[WhiteElo "1470"]
[BlackElo "1171"]
[PlyCount "96"]
[EventDate "2020.06.22"]
[EventType "team-tourn (rapid)"]
[EventCountry "GER"]
[SourceTitle "EXT 2021"]
[Source "ChessBase"]
[SourceDate "2020.10.23"]
[SourceVersion "1"]
[SourceVersionDate "2020.10.23"]
[SourceQuality "1"]
[WhiteTeam "Datteln"]
[BlackTeam "Gern SF"]
[WhiteTeamCountry "GER"]
[BlackTeamCountry "GER"]

1. d4 d5 2. Bf4 e6 3. Nf3 Nd7 4. e3 Bd6 5. Bg3 Ngf6 6. Bd3 b6 7. c3 Bb7 8. Ne5 Ne4 9. Qh5 Bxe5 10. Bxe5 Nxe5 11. Qxe5 Qf6 12. Qxf6 Nxf6 13. Nd2 c6 14. 0-0 0-0 15. Rfe1 c5 16. dxc5 bxc5 17. e4 dxe4 18. Bxe4 Nxe4 19. Nxe4 c4 20. Nd6 Bd5 21. Nb5 Rab8 22. a4 a6 23. Nc7 Rxb2 24. Nxa6 Rc2 25. Ra3 Rc8 26. Nb4 Rd2 27. Rea1 f6 28. a5 Ra8 29. a6 Ra7 30. R3a2 Rxa2 31. Rxa2 Kf7 32. f3 Ke7 33. Kf2 Kd6 34. Ke3 g5 35. g3 h5 36. f4 h4 37. fxg5 hxg3 38. hxg3 fxg5 39. Rh2 g4 40. Kf4 Rg7 41. Rh6 Kc5 42. Rh4 Bf3 43. Ke5 Bd5 44. Kf6 Rg8 45. Rh7 Rf8+ 46. Ke7 Ra8 47. Kf6 Rf8+ 48. Ke5 Rf5# 0-1